| 000 | 01073nam a2200301 a4500 | ||
|---|---|---|---|
| 001 | 20547 | ||
| 003 | CZ PrNK | ||
| 005 | 20260126114227.0 | ||
| 007 | ta | ||
| 008 | 230814s1954 xo e 000 0 slo | ||
| 020 | _q(Váz.) | ||
| 040 |
_aABA001 _bcze |
||
| 041 | 1 |
_aslo _hrus |
|
| 080 |
_a882-311.6:947"1805/1825" _2undef |
||
| 100 | 1 |
_aTolstoj, Lev Nikolajevič, _d1828-1910 _4aut |
|
| 240 | 1 | 0 |
_aVojna i mir. _lSlovensky |
| 245 | 1 | 0 |
_aVojna a mier / _cLev Nikolajevič Tolstoj ; prel. Zora Jesenská z rus. orig. Vojna i mir |
| 260 |
_aBratislava : _bSlovenské vydavateľstvo krásnej literatúry, _c1954 |
||
| 300 |
_a4 sv. (349; 381; 398; 404 s.) ; _c8° |
||
| 490 | 1 |
_aEdícia svetových klasikov ; _vzv. 20, 21, 26 |
|
| 490 | 1 |
_aSpisy v 12 zv. / L.N. Tolstoj ; _vzv. 4-7 |
|
| 500 | _a4000 výt. | ||
| 700 | 1 |
_aJesenská, Zora, _d1909-1972 _4trl |
|
| 800 | 1 |
_aTolstoj, Lev Nikolajevič, _d1828-1910. _tSpisy v 12 zväzkoch |
|
| 830 | 0 | _aEdícia svetových klasikov (Slovenské vydavateľstvo krásnej literatúry) | |
| 910 | _aABA001 | ||
| 942 |
_2ddc _cKLDO _n0 |
||
| 999 |
_c20547 _d20547 |
||